Keynes a monetaristi - výzva aj pre Slovenskú republiku

Vplyv Keynesa a monetaristov na vývoj ekonomickej teórie, hospodárskej politiky a praxe. Priority hospodárskej politiky. Hlavné tendencie, ktoré poznamenávajú ľudstvo a svetovú ekonomiku na prelome dvoch tisícročí. Globalizácia a globálna informačná spoločnosť. Transformačný proces SR a odkaz Keynes...

Descrizione completa

Salvato in:
Dettagli Bibliografici
Autore principale: Valach, V.
Natura: Capitolo di libro
Lingua:slovacco
Soggetti:
Tags: Aggiungi Tag
Nessun Tag, puoi essere il primo ad aggiungerne!!

MARC

LEADER 00000naa a2200000 4500
001 r025013
005 20230918074152.3
041 0 |a slo 
044 |a SK 
245 1 0 |a Keynes a monetaristi - výzva aj pre Slovenskú republiku  |c V. Valach 
520 |a Vplyv Keynesa a monetaristov na vývoj ekonomickej teórie, hospodárskej politiky a praxe. Priority hospodárskej politiky. Hlavné tendencie, ktoré poznamenávajú ľudstvo a svetovú ekonomiku na prelome dvoch tisícročí. Globalizácia a globálna informačná spoločnosť. Transformačný proces SR a odkaz Keynesa. 
610 2 0 |a keynesizmus 
610 2 0 |a monetarizmus 
610 2 0 |a Slovensko 
610 2 0 |a transformácia 
610 2 0 |a OECD 
610 2 0 |a miera inflácie 
610 2 0 |a Keynes, J.M. 
610 2 0 |a politika hospodárska 
610 2 0 |a krajiny vyspelé 
610 2 0 |a globalizácia 
610 2 0 |a spoločnosť informačná 
610 2 0 |a hospodárstvo svetové 
100 1 |a Valach, V.